<?xml version="1.0" encoding="UTF-8"?><collection xmlns="info:lc/xmlns/marcxchange-v2"><record format="Unimarc" type="bibliographic"><leader>00723nam  2200241   450 </leader><controlfield tag="001">2410446</controlfield><controlfield tag="003">http://id.bnportugal.gov.pt/bib/porbase/2410446</controlfield><controlfield tag="005">20100218120006.0</controlfield><datafield ind1=" " ind2=" " tag="010"><subfield code="a">978-0-521-68709-6</subfield><subfield code="d">Financiamento FCT</subfield></datafield><datafield ind1=" " ind2=" " tag="021"><subfield code="a">GB</subfield></datafield><datafield ind1=" " ind2=" " tag="035"><subfield code="a">ufpes002_bc.iso/03-11-2011/34876</subfield></datafield><datafield ind1=" " ind2=" " tag="035"><subfield code="a">0035402</subfield></datafield><datafield ind1=" " ind2=" " tag="100"><subfield code="a">20100122d2009    k  y0pory0103    ba</subfield></datafield><datafield ind1="0" ind2=" " tag="101"><subfield code="a">eng</subfield></datafield><datafield ind1=" " ind2=" " tag="102"><subfield code="a">GB</subfield></datafield><datafield ind1=" " ind2=" " tag="105"><subfield code="a">y   z   001yb</subfield></datafield><datafield ind1=" " ind2=" " tag="106"><subfield code="a">r</subfield></datafield><datafield ind1="1" ind2=" " tag="200"><subfield code="a">&lt;The &gt;Cambridge introduction to J. M. Coetzee</subfield><subfield code="f">Dominic Head</subfield></datafield><datafield ind1=" " ind2=" " tag="210"><subfield code="a">Reino Unido</subfield><subfield code="c">Cambridge University Press</subfield><subfield code="d">2009</subfield></datafield><datafield ind1=" " ind2=" " tag="215"><subfield code="a">115 p.</subfield><subfield code="d">23 cm</subfield></datafield><datafield ind1=" " ind2=" " tag="675"><subfield code="a">929 Coetzee, J. M.</subfield><subfield code="v">BN</subfield><subfield code="z">por</subfield></datafield><datafield ind1=" " ind2=" " tag="675"><subfield code="a">821.111(680)</subfield><subfield code="v">BN</subfield><subfield code="z">por</subfield></datafield><datafield ind1=" " ind2="1" tag="700"><subfield code="a">Head</subfield><subfield code="b">Dominic</subfield></datafield><datafield ind1=" " ind2="0" tag="801"><subfield code="a">PT</subfield><subfield code="b">UFPES</subfield><subfield code="g">RPC</subfield></datafield></record></collection>